INTERVISTA (Record n. 106411)
[ formato base ]
| 000 -LEADER | |
|---|---|
| fixed length control field | 01538agaaa2200313 4500 |
| 001 - CONTROL NUMBER | |
| control field | 9780 |
| 003 - CONTROL NUMBER IDENTIFIER | |
| control field | IT-RoPAU |
| 005 - DATE AND TIME OF LATEST TRANSACTION | |
| control field | 20220918181245.0 |
| 007 - PHYSICAL DESCRIPTION FIXED FIELD--GENERAL INFORMATION | |
| fixed length control field | d cvaizq |
| 008 - FIXED-LENGTH DATA ELEMENTS--GENERAL INFORMATION | |
| fixed length control field | 50131s9999||||xx ||| | || ||und|| |
| 040 ## - CATALOGING SOURCE | |
| Original cataloging agency | IT-RoPAU |
| Transcribing agency | IT-RoPAU |
| 041 ## - LANGUAGE CODE | |
| Language code of text/sound track or separate title | ITALIANO |
| 100 ## - MAIN ENTRY--PERSONAL NAME | |
| Personal name | Fellini Federico |
| Miscellaneous information | Codice regista SPICS: 6747 |
| 9 (RLIN) | 37058 |
| 130 ## - MAIN ENTRY--UNIFORM TITLE | |
| Uniform title | INTERVISTA |
| 9 (RLIN) | 46748 |
| 245 ## - TITLE STATEMENT | |
| Title | INTERVISTA |
| Statement of responsibility, etc. | Prodotto da: Moussa Ibrahim -- Sceneggiatura: Angelucci Gianfranco -- Diretto da: Fellini Federico |
| Name of part/section of a work | INTERVISTA (Rif. Codice opera principale : 99780) |
| 250 ## - EDITION STATEMENT | |
| Edition statement | Edizione Standard |
| 260 ## - PUBLICATION, DISTRIBUTION, ETC. (IMPRINT) | |
| Place of publication, distribution, etc. | (ITALIA) |
| Name of publisher, distributor, etc. | ALJOSHA PROD. - RAI / Distribuzione: RAI |
| Date of manufacture | "1987 (1° ed.: 1991 ; Ed. Lingua Orig.: 1987)" |
| 300 ## - PHYSICAL DESCRIPTION | |
| Extent | VHS |
| Other physical details | sonoro, col. |
| Dimensions | 75 minuti |
| 508 ## - CREATION/PRODUCTION CREDITS NOTE | |
| Creation/production credits note | "Fotografia: Delli Colli Tonino; Montaggio: Baragli Nino; Musica: Piovani Nicola; Sceneggiatura: Angelucci Gianfranco; " |
| 511 ## - PARTICIPANT OR PERFORMER NOTE | |
| Participant or performer note | "Rubini Sergio; Mastroianni Marcello; Fellini Federico; Mein Maurizio; Liguori Paola" |
| 520 ## - SUMMARY, ETC. | |
| Summary, etc. | RIVISITAZIONE DEI LUOGHI FELLINIANI VISSUTA DA UN GIOVANE ASPIRANTE GIORNALISTA ALTER EGO DEL REGISTA MONDO DI CINECITTA', SUOI SOGNI E SUE ILLUSIONIFILM A COLORI |
| 538 ## - SYSTEM DETAILS NOTE | |
| System details note | PAL, STEREO |
| 546 ## - LANGUAGE NOTE | |
| Language note | ITALIANO |
| 650 ## - SUBJECT ADDED ENTRY--TOPICAL TERM | |
| Topical term or geographic name as entry element | COMMEDIA |
| Relator term | FILMS [VHS] |
| General subdivision | Codice MATERIA SPICS: 9960 |
| 9 (RLIN) | 46749 |
| 700 ## - ADDED ENTRY--PERSONAL NAME | |
| Personal name | Fellini Federico |
| Relator term | (regista) |
| Miscellaneous information | Codice regista SPICS: 6747 |
| 9 (RLIN) | 37058 |
| 700 ## - ADDED ENTRY--PERSONAL NAME | |
| Personal name | Fellini Federico |
| Relator term | (soggetto) |
| Miscellaneous information | Codice Soggetto SPICS: 6747 |
| 9 (RLIN) | 46750 |
| 700 ## - ADDED ENTRY--PERSONAL NAME | |
| Personal name | Piovani Nicola |
| Relator term | (musica) |
| Miscellaneous information | Codice Musica SPICS: 18893 |
| 9 (RLIN) | 46751 |
| 942 ## - ADDED ENTRY ELEMENTS (KOHA) | |
| Koha item type | VHS - VIDEO |
| Source of classification or shelving scheme | Dewey Decimal Classification |
| Withdrawn status | Lost status | Damaged status | Not for loan | Home library | Current library | Date acquired | Total Checkouts | Full call number | Date last seen | Price effective from | Koha item type | Public note |
|---|---|---|---|---|---|---|---|---|---|---|---|---|
| Buone Condizioni | Not For Loan | SPICS-MEDIATECA | SPICS-MEDIATECA | 31/01/2015 | 99780 | 31/01/2015 | 31/01/2015 | VHS - VIDEO | Progr. Ins.: 2968 / N.Vol.:1 / Copie: 1 / Pag.:0 / Copia rara: n.d. / date import: 1.2.2015 / By Epidotti, Trombetti, Vaglietti |